[Event "Kastav Summer op"]
[Site "Kastav"]
[Date "2015.08.22"]
[Round "8"]
[White "Garic, Vlado"]
[Black "Dasic, Jelena"]
[Result "0-1"]
[WhiteElo "1497"]
[BlackElo "1728"]
[PlyCount "78"]
[EventDate "2015.08.19"]
[EventType "swiss"]
[EventRounds "9"]
[EventCountry "CRO"]
[SourceTitle "EXT 2016"]
[Source "ChessBase"]
[SourceDate "2015.10.08"]
[SourceVersion "1"]
[SourceVersionDate "2015.10.08"]
[SourceQuality "1"]

1. e4 c5 2. Nf3 e6 3. d4 cxd4 4. Nxd4 a6 5. Bd3 Nf6 6. Bg5 Be7 7. 0-0 Qc7 8. Nc3 0-0 9. Re1 d6 10. Nf3 Nbd7 11. Bh4 b5 12. a3 Bb7 13. Qe2 Rfe8 14. Rad1 Rad8 15. Bg3 h6 16. h3 Rc8 17. Qd2 e5 18. Nh4 Bf8 19. Kh1 Nc5 20. Nf5 Red8 21. Qe3 Ne6 22. f4 Nh5 23. Ne2 g6 24. Qf3 exf4 25. Nxf4 Nhxf4 26. Bxf4 Nxf4 27. Qxf4 gxf5 28. Qg3+ Kh8 29. exf5 Re8 30. f6 Qc5 31. Rf1 Qg5 32. Qf2 Re3 33. Rde1 Rxh3+ 34. Kg1 Rg3 35. Be4 Bxe4 36. Rxe4 d5 37. Re7 Rg4 38. Rfe1 Rf4 39. Qd2 Rf1+ 0-1

[Event "Kastav Summer op"]
[Site "Kastav"]
[Date "2015.08.21"]
[Round "6"]
[White "Garic, Vlado"]
[Black "Leksan, Bostjan"]
[Result "1-0"]
[WhiteElo "1497"]
[BlackElo "1408"]
[PlyCount "39"]
[EventDate "2015.08.19"]
[EventType "swiss"]
[EventRounds "9"]
[EventCountry "CRO"]
[SourceTitle "EXT 2016"]
[Source "ChessBase"]
[SourceDate "2015.10.08"]
[SourceVersion "1"]
[SourceVersionDate "2015.10.08"]
[SourceQuality "1"]

1. e4 e5 2. Nf3 Nc6 3. Bc4 h6 4. c3 Nf6 5. Qc2 Bc5 6. 0-0 d6 7. d3 Bg4 8. Nbd2 Qd7 9. b4 Bb6 10. Bb2 0-0-0 11. a4 a6 12. b5 Nb8 13. bxa6 bxa6 14. a5 Ba7 15. d4 Rhe8 16. Rab1 c6 17. Qd3 Qc7 18. Ba3 d5 19. Bxa6+ Nxa6 20. Qxa6+ 1-0